Nations without B word (Part-1) - Statistics

General Stats
  • This quiz has been taken 20 times
  • The average score is 26 of 28
Answer Stats
Hint Answer % Correct
Borders Us in the north Canada
100%
Shares border with Dominican republic Haiti
100%
its capital is kingston Jamaica
100%
Border us in the south Mexico
100%
That has 50 states Usa
100%
Its capital is buenos aires Argentina
94%
Longest country in World Chile
94%
Borders Nicaragua, Panama Costa rica
94%
That owns Galapagos Island Ecuador
94%
Saint vincent and the? Grenadines
94%
Borders Belize, Mexico, El Salvador, and Honduras Guatemala
94%
Only English Speaking In south america Guyana
94%
It border Bolivia, Argentina, and Brazil Paraguay
94%
Its capital Is Lima Peru
94%
Same as the surrounded by italy San marino
94%
Dutch speaking country in south america Suriname
94%
Its capital is Montevideo Uruguay
94%
Surrounded by Italy Vatican city
94%
Its capital is Caracas Venezuela
94%
Its Capital Was San Salvador El Salvador
89%
Borders El salvador and nicaragua Honduras
89%
Where Is The Rome Located Italy
89%
Largest Country In Central America Nicaragua
89%
Borders Colombia, And Costa Rica Panama
89%
Its capital is castries Saint Lucia
89%
Saint Kitts and? Nevis
83%
Its Capital Is Saint George's Grenada
72%
where gaulette river located Dominica
61%
No matching quizzes found
Score Distribution
Percent of People with Each Score
Percentile by Number Answered
Your Score History
You have not taken this quiz